Modes of thought

Bewaard in:
Bibliografische gegevens
Hoofdauteur: Whitehead, Alfred North
Formaat: Boek
Taal:Undetermined
Gepubliceerd in: New York The Free Press 1938
Onderwerpen:
Tags: Voeg label toe
Geen labels, Wees de eerste die dit record labelt!
Thư viện lưu trữ: Trung tâm Học liệu Trường Đại học Cần Thơ
LEADER 00479nam a2200181Ia 4500
001 CTU_81491
008 210402s9999 xx 000 0 und d
082 |a 192 
082 |b W592 
100 |a Whitehead, Alfred North 
245 0 |a Modes of thought 
245 0 |c Alfred North Whitehead 
260 |a New York 
260 |b The Free Press 
260 |c 1938 
650 |a Philosophy,Science 
904 |i Trọng Hải 
980 |a Trung tâm Học liệu Trường Đại học Cần Thơ